Analýza finančnej situácie podniku na podklade individuálnej účtovnej závierky zostavenej podľa IFRS/IAS diplomová práca

Gespeichert in:
Bibliographische Detailangaben
1. Verfasser: Grinaj, Peter
Körperschaft: Fakulta podnikového manažmentu EU. Katedra podnikových financií
Weitere Verfasser: Nagy, Ladislav
Format: Buch
Sprache:Slowakisch
Veröffentlicht: Bratislava 2014
Tags: Tag hinzufügen
Keine Tags, Fügen Sie das erste Tag hinzu!

MARC

LEADER 00000nbm a2200000 4500
001 0187800
005 20170201091222.1
041 0 |a slo 
044 |a SK 
245 1 0 |a Analýza finančnej situácie podniku na podklade individuálnej účtovnej závierky zostavenej podľa IFRS/IAS  |b diplomová práca  |c Peter Grinaj ; školiteľ: Ladislav Nagy 
264 1 |a Bratislava  |c 2014 
300 |a 77 s. 
100 1 |a Grinaj, Peter 
700 1 |a Nagy, Ladislav 
710 2 |a Fakulta podnikového manažmentu EU. Katedra podnikových financií